000 00220nam a22000977a 4500
041 _aeng
080 _a80
100 _aПиаже, П.
245 _aЭкспериментальная психология.
999 _c280940
_d280940
942 _cBK